000 00850nam a2200277 i 4500
001 C2-0337583
003 PPAK
005 20180728140320.0
008 160824s2016 my a|||| ||||| | may d
020 _a9789835985409
040 _aPPAK
_beng
_cPPAK
_erda
082 0 4 _a499.238076
_223
090 0 0 _a499.238076
_bMOH
_dR
100 0 _aMohd Azam Ahmad,
_cDr.
_eauthor
245 1 0 _aBahasa Melayu Kertas 2
250 _aEdisi premier
264 1 _aPetaling Jaya, Selangor :
_bSasbadi Sdn. Bhd. ,
_c2016
300 _aiv, 92 pages :
_bcolour illustrations ;
_c30 cm
336 _2rdacontent
_atext
337 _2rdamedia
_aunmediated
338 _2rdacarrier
_avolume
490 1 _aSiri kunci emas SPM
650 1 0 _aMalay language - Problems, exercises, etc. ; Malay language - Grammar.
830 0 _aSiri kunci emas SPM
942 _ddc
_cB
999 _c135236
_d135236